[Event "10. Torneo I. Cidade de Pontevedra 2022"]
[Site "Pontevedra ESP"]
[Date "2022.07.29"]
[Round "8.8"]
[White "Fernandez Lopez, Ruben"]
[Black "Bernal Moro, Luis Javier"]
[Result "1/2-1/2"]
[WhiteElo "2324"]
[BlackElo "2404"]
[PlyCount "60"]
[EventDate "2022.07.24"]
[EventType "swiss"]
[EventRounds "9"]
[EventCountry "ESP"]
[SourceTitle "Ajedrez en Madrid"]
[Source "lmi"]
[SourceDate "2022.07.24"]
[SourceVersion "1"]
[SourceVersionDate "2022.08.06"]
[SourceQuality "1"]

1. e4 c5 2. Nf3 d6 3. d4 cxd4 4. Nxd4 Nf6 5. Nc3 Nc6 6. Bg5 Bd7 7. Qd2 Rc8 8.
f3 a6 9. O-O-O h6 10. Be3 Nxd4 11. Bxd4 e5 12. Be3 Be7 13. g4 Be6 14. h4 Qa5
15. a3 Rxc3 16. Qxc3 Qxc3 17. bxc3 d5 18. g5 hxg5 19. Bxg5 dxe4 20. Bxf6 Bxf6
21. fxe4 Bxh4 22. Kb2 Ke7 23. Bh3 g5 24. Bxe6 Kxe6 25. Rd2 Rc8 26. Rhd1 Rc6 27.
Rd8 Bg3 28. Re8+ Kf6 29. Rg8 Bf4 30. Rd7 Rb6+ 1/2-1/2

[Event "10. Torneo I. Cidade de Pontevedra 2022"]
[Site "Pontevedra ESP"]
[Date "2022.07.29"]
[Round "8.9"]
[White "Roque Sola, Jose Luis"]
[Black "Grieve, Harry"]
[Result "1/2-1/2"]
[WhiteElo "2098"]
[BlackElo "2390"]
[PlyCount "60"]
[EventDate "2022.07.24"]
[EventType "swiss"]
[EventRounds "9"]
[EventCountry "ESP"]
[SourceTitle "Ajedrez en Madrid"]
[Source "lmi"]
[SourceDate "2022.07.24"]
[SourceVersion "1"]
[SourceVersionDate "2022.08.06"]
[SourceQuality "1"]

1. e4 c5 2. Nf3 e6 3. d4 cxd4 4. Nxd4 Nc6 5. Nxc6 bxc6 6. Bd3 d5 7. O-O Nf6 8.
Nc3 Be7 9. Qe2 O-O 10. b3 Nd7 11. Bb2 Nc5 12. Rad1 Nxd3 13. Qxd3 Bf6 14. Rfe1
a5 15. Na4 Ba6 16. Bxf6 Qxf6 17. Qe3 Rfb8 18. Nc5 Rd8 19. e5 Qe7 20. a4 Rdb8
21. c3 g5 22. Qd4 Kh8 23. Re3 Rg8 24. Rde1 Rg6 25. Rf3 Kg7 26. Rg3 h6 27. h3
Kh7 28. Rf3 Kg7 29. Rg3 Kh7 30. Rf3 Kg7 1/2-1/2

[Event "10. Torneo I. Cidade de Pontevedra 2022"]
[Site "Pontevedra ESP"]
[Date "2022.07.29"]
[Round "8.10"]
[White "Sarabando, Rodrigo Andias"]
[Black "Lu, Maximillian"]
[Result "1-0"]
[WhiteElo "1915"]
[BlackElo "2398"]
[PlyCount "89"]
[EventDate "2022.07.24"]
[EventType "swiss"]
[EventRounds "9"]
[EventCountry "ESP"]
[SourceTitle "Ajedrez en Madrid"]
[Source "lmi"]
[SourceDate "2022.07.24"]
[SourceVersion "1"]
[SourceVersionDate "2022.08.06"]
[SourceQuality "1"]

1. d4 Nf6 2. c4 e6 3. g3 c5 4. d5 exd5 5. cxd5 g6 6. Nc3 d6 7. Bg2 Bg7 8. Nf3
O-O 9. O-O Re8 10. a4 Na6 11. Nd2 Nc7 12. Nc4 b6 13. Bf4 Bf8 14. e4 Nh5 15. Be3
Ba6 16. b3 Bg7 17. Rc1 Qd7 18. Re1 Rab8 19. g4 Bxc4 20. bxc4 Nf6 21. h3 h6 22.
Bf4 Nh7 23. Nb5 Nxb5 24. axb5 a6 25. bxa6 Ra8 26. Rb1 Rxa6 27. Qb3 g5 28. Qb5
Ra7 29. Bxd6 Bc3 30. Rec1 Ba5 31. e5 Nf8 32. Be4 Bd2 33. Rd1 Bf4 34. Bf5 Qxb5
35. Rxb5 Ra4 36. Rxb6 Rxc4 37. Rc6 Rc3 38. Rxc5 Rxh3 39. Bxf8 Kxf8 40. d6 Rd8
41. d7 Ke7 42. Ra1 Rb3 43. Ra8 Rb1+ 44. Bxb1 Rxd7 45. Bf5 1-0

[Event "10. Torneo I. Cidade de Pontevedra 2022"]
[Site "Pontevedra ESP"]
[Date "2022.07.29"]
[Round "8.11"]
[White "Medarde Santiago, Luis Marcos"]
[Black "Gomez Carreno, Martin"]
[Result "1-0"]
[WhiteElo "2330"]
[BlackElo "2155"]
[PlyCount "85"]
[EventDate "2022.07.24"]
[EventType "swiss"]
[EventRounds "9"]
[EventCountry "ESP"]
[SourceTitle "Ajedrez en Madrid"]
[Source "lmi"]
[SourceDate "2022.07.24"]
[SourceVersion "1"]
[SourceVersionDate "2022.08.06"]
[SourceQuality "1"]

1. Nf3 Nf6 2. c4 e6 3. g3 d5 4. Bg2 c5 5. cxd5 exd5 6. d4 Nc6 7. O-O h6 8. Nc3
Be6 9. b3 Rc8 10. Bb2 b6 11. Rc1 Be7 12. dxc5 bxc5 13. Na4 Nb8 14. Bxf6 gxf6
15. Qd3 Nd7 16. Rfd1 Nb6 17. Nxb6 axb6 18. Nh4 d4 19. e3 dxe3 20. Qxe3 Qc7 21.
Bd5 Qe5 22. Qf3 Qg5 23. Bxe6 fxe6 24. Qe2 e5 25. f4 exf4 26. Qe6 Rc7 27. Qxb6
fxg3 28. Qxc7 gxh2+ 29. Kh1 Qxh4 30. Re1 Rh7 31. Qc8+ Kf7 32. Rcd1 Bf8 33. Re2
Rg7 34. Qe6+ Kg6 35. Rg2+ Kh7 36. Qf5+ Kg8 37. Rxg7+ Bxg7 38. Qg6 f5 39. Qe6+
Kh8 40. Qc8+ Kh7 41. Qxf5+ Kg8 42. Qd5+ Kf8 43. Qxc5+ 1-0

[Event "10. Torneo I. Cidade de Pontevedra 2022"]
[Site "Pontevedra ESP"]
[Date "2022.07.29"]
[Round "8.12"]
[White "Cabezas Ayala, Ivan"]
[Black "Alvarez Pampillon, Antonio"]
[Result "1/2-1/2"]
[WhiteElo "2296"]
[BlackElo "2019"]
[PlyCount "83"]
[EventDate "2022.07.24"]
[EventType "swiss"]
[EventRounds "9"]
[EventCountry "ESP"]
[SourceTitle "Ajedrez en Madrid"]
[Source "lmi"]
[SourceDate "2022.07.24"]
[SourceVersion "1"]
[SourceVersionDate "2022.08.06"]
[SourceQuality "1"]

1. e4 c5 2. Nf3 d6 3. d4 cxd4 4. Nxd4 Nf6 5. Nc3 g6 6. Be3 Bg7 7. f3 O-O 8. Qd2
Nc6 9. Bc4 Bd7 10. O-O-O Rc8 11. Bb3 Nxd4 12. Bxd4 b5 13. Nd5 Nxd5 14. Bxg7
Kxg7 15. exd5 Qb6 16. Rhe1 Rfe8 17. g4 a5 18. a3 Rc7 19. Qd4+ Qxd4 20. Rxd4 g5
21. c3 Bc8 22. Bc2 h5 23. h3 hxg4 24. hxg4 Rh8 25. Kd2 Kf6 26. Bd3 Bd7 27. f4
Bxg4 28. Bxb5 Rh2+ 29. Kc1 Bf5 30. fxg5+ Kxg5 31. Rd2 Rxd2 32. Kxd2 e5 33. dxe6
fxe6 34. b4 axb4 35. axb4 Ra7 36. Ke3 e5 37. Bc6 Ra3 38. Rc1 Kf6 39. Bd5 Be6
40. Ke4 Bf5+ 41. Ke3 Be6 42. Ke4 1/2-1/2

[Event "10. Torneo I. Cidade de Pontevedra 2022"]
[Site "Pontevedra ESP"]
[Date "2022.07.29"]
[Round "8.13"]
[White "Contin, Daniel"]
[Black "Reguillaga Elias, Manex"]
[Result "1-0"]
[WhiteElo "2206"]
[BlackElo "1901"]
[PlyCount "51"]
[EventDate "2022.07.24"]
[EventType "swiss"]
[EventRounds "9"]
[EventCountry "ESP"]
[SourceTitle "Ajedrez en Madrid"]
[Source "lmi"]
[SourceDate "2022.07.24"]
[SourceVersion "1"]
[SourceVersionDate "2022.08.06"]
[SourceQuality "1"]

1. c4 e5 2. Nc3 Nc6 3. g3 Bc5 4. Bg2 d6 5. e3 a6 6. Nge2 Nge7 7. d4 exd4 8.
exd4 Ba7 9. h3 h6 10. O-O O-O 11. Kh2 Bf5 12. g4 Bh7 13. Be3 Rb8 14. Qd2 b5 15.
cxb5 axb5 16. Nf4 Qd7 17. Nh5 Bg6 18. Nf4 Bh7 19. Rac1 Na5 20. b3 c6 21. Nce2
Nb7 22. Nh5 f5 23. Bxh6 gxh6 24. Qxh6 Ng6 25. Bxc6 Qf7 26. Bd5 1-0

[Event "10. Torneo I. Cidade de Pontevedra 2022"]
[Site "Pontevedra ESP"]
[Date "2022.07.29"]
[Round "8.14"]
[White "Gonzalez Carro, Victor"]
[Black "Bringas Gomez, Artai"]
[Result "1/2-1/2"]
[WhiteElo "1808"]
[BlackElo "2203"]
[PlyCount "112"]
[EventDate "2022.07.24"]
[EventType "swiss"]
[EventRounds "9"]
[EventCountry "ESP"]
[SourceTitle "Ajedrez en Madrid"]
[Source "lmi"]
[SourceDate "2022.07.24"]
[SourceVersion "1"]
[SourceVersionDate "2022.08.06"]
[SourceQuality "1"]

1. e4 c5 2. Nf3 d6 3. d4 Nf6 4. Nc3 cxd4 5. Nxd4 Nc6 6. Bc4 Qb6 7. Nb3 e6 8.
Be3 Qc7 9. O-O Be7 10. f4 O-O 11. Be2 a6 12. a3 b5 13. Bf3 Bb7 14. g4 d5 15.
exd5 Nxd5 16. Nxd5 exd5 17. c3 Rfe8 18. Qd2 Rad8 19. Qf2 Bh4 20. Qd2 d4 21.
cxd4 Ne7 22. Rac1 Qb8 23. Nc5 Bxf3 24. Rxf3 Qc8 25. Qg2 Nd5 26. Bd2 Bf6 27. Nb3
Qd7 28. g5 Be7 29. f5 Bf8 30. g6 hxg6 31. fxg6 fxg6 32. Qxg6 Re6 33. Qg2 Rf6
34. Nc5 Qa7 35. Bg5 Rg6 36. Rg3 Be7 37. Bxe7 Qxe7 38. Rxg6 Qe3+ 39. Kh1 Qxc1+
40. Qg1 Qxg1+ 41. Kxg1 Nf6 42. Rxg7+ Kxg7 43. Ne6+ Kg6 44. Nxd8 Kf5 45. Kf2 Ke4
46. Nc6 Kd5 47. Nb4+ Kxd4 48. Nxa6 Kc4 49. Nc7 b4 50. axb4 Ng4+ 51. Kg3 Nxh2
52. b5 Nf1+ 53. Kf2 Nd2 54. Ke3 Nb3 55. b6 Na5 56. Ne8 Kc5 1/2-1/2

[Event "10. Torneo I. Cidade de Pontevedra 2022"]
[Site "Pontevedra ESP"]
[Date "2022.07.29"]
[Round "8.15"]
[White "Mahitosh, Dey"]
[Black "Vidal del Rio, Manuel"]
[Result "1-0"]
[WhiteElo "2212"]
[BlackElo "2092"]
[PlyCount "43"]
[EventDate "2022.07.24"]
[EventType "swiss"]
[EventRounds "9"]
[EventCountry "ESP"]
[SourceTitle "Ajedrez en Madrid"]
[Source "lmi"]
[SourceDate "2022.07.24"]
[SourceVersion "1"]
[SourceVersionDate "2022.08.06"]
[SourceQuality "1"]

1. d4 d5 2. Nf3 e6 3. Bf4 Bd6 4. e3 Bxf4 5. exf4 b6 6. Bb5+ c6 7. Bd3 Ne7 8. h4
O-O 9. h5 h6 10. Nbd2 c5 11. c3 Ba6 12. Bxa6 Nxa6 13. Qe2 Nc7 14. g4 Qd6 15.
Qe3 a5 16. O-O f5 17. g5 c4 18. Kh1 Qd7 19. Rg1 Kh7 20. Rg2 Qe8 21. Rag1 Rg8
22. Qe5 1-0

[Event "10. Torneo I. Cidade de Pontevedra 2022"]
[Site "Pontevedra ESP"]
[Date "2022.07.29"]
[Round "8.16"]
[White "Teijeiro Barros, Alberto"]
[Black "Villar Perez, Samuel"]
[Result "0-1"]
[WhiteElo "2066"]
[BlackElo "2188"]
[PlyCount "80"]
[EventDate "2022.07.24"]
[EventType "swiss"]
[EventRounds "9"]
[EventCountry "ESP"]
[SourceTitle "Ajedrez en Madrid"]
[Source "lmi"]
[SourceDate "2022.07.24"]
[SourceVersion "1"]
[SourceVersionDate "2022.08.06"]
[SourceQuality "1"]

1. Nf3 d5 2. d4 e6 3. c4 a6 4. cxd5 exd5 5. Nc3 Nf6 6. Bg5 Be6 7. e3 Nbd7 8.
Bd3 Bd6 9. O-O c6 10. Qc2 Qc7 11. Bh4 O-O 12. Bg3 Bxg3 13. hxg3 Rfe8 14. b4 Qd6
15. a4 Bg4 16. b5 cxb5 17. axb5 a5 18. Na4 Rec8 19. Qb3 Ne4 20. Bxe4 dxe4 21.
Nd2 Bf5 22. Rfc1 b6 23. Rc3 Qb4 24. Qd5 Be6 25. Qb7 Rcb8 26. Qxe4 Qxb5 27. Qc2
Qe2 28. Qc1 b5 29. Nc5 Nxc5 30. Rxc5 a4 31. d5 Bg4 32. Ne4 b4 33. f3 Bf5 34.
Nd6 b3 35. Nxf5 b2 36. Qc3 bxa1=Q+ 37. Qxa1 Rb2 38. Nh4 Qxe3+ 39. Kh1 Qxc5 40.
Qxb2 Qxd5 0-1

[Event "10. Torneo I. Cidade de Pontevedra 2022"]
[Site "Pontevedra ESP"]
[Date "2022.07.29"]
[Round "8.17"]
[White "Gonzalez Perez, Jose Ramon"]
[Black "Andias, Joao Pedro Menezes"]
[Result "0-1"]
[WhiteElo "2161"]
[BlackElo "2045"]
[PlyCount "86"]
[EventDate "2022.07.24"]
[EventType "swiss"]
[EventRounds "9"]
[EventCountry "ESP"]
[SourceTitle "Ajedrez en Madrid"]
[Source "lmi"]
[SourceDate "2022.07.24"]
[SourceVersion "1"]
[SourceVersionDate "2022.08.06"]
[SourceQuality "1"]

1. e4 c5 2. Nf3 e6 3. d4 cxd4 4. Nxd4 Nf6 5. Nc3 d6 6. f4 a6 7. Qf3 Qb6 8. Nb3
Qc7 9. Be3 b5 10. a3 Bb7 11. O-O-O d5 12. exd5 Nxd5 13. Nxd5 Bxd5 14. Rxd5 exd5
15. Qxd5 Qc6 16. Qd4 Nd7 17. Bd3 Nf6 18. Re1 Be7 19. Bd2 Rd8 20. Qe3 O-O 21.
Nd4 Qd5 22. Nf5 Bc5 23. Qg3 Nh5 24. Qg4 g6 25. Bc3 Rfe8 26. Qg5 Rxe1+ 27. Bxe1
f6 28. Qg4 Qa2 29. Nh6+ Kf8 30. Kd2 Qc4 31. g3 Qd5 32. Kd1 Kg7 33. Bd2 Qh1+ 34.
Be1 Kxh6 35. Qe2 Qc6 36. f5 Re8 37. Qf1 g5 38. h4 g4 39. Bd2+ Be3 40. Qe2 Qf3
41. Be1 Bd4 42. Bd2+ Kg7 43. c3 Rxe2 0-1

[Event "10. Torneo I. Cidade de Pontevedra 2022"]
[Site "Pontevedra ESP"]
[Date "2022.07.29"]
[Round "8.18"]
[White "Persson, Andreas"]
[Black "Martinez Montes, Juan Manuel"]
[Result "1-0"]
[WhiteElo "2154"]
[BlackElo "2035"]
[PlyCount "75"]
[EventDate "2022.07.24"]
[EventType "swiss"]
[EventRounds "9"]
[EventCountry "ESP"]
[SourceTitle "Ajedrez en Madrid"]
[Source "lmi"]
[SourceDate "2022.07.24"]
[SourceVersion "1"]
[SourceVersionDate "2022.08.06"]
[SourceQuality "1"]

1. d4 Nf6 2. Nf3 b6 3. g3 Bb7 4. Bg2 e6 5. O-O Be7 6. c4 O-O 7. Nc3 d5 8. cxd5
exd5 9. Ne5 Re8 10. Bf4 Nbd7 11. Qa4 Nf8 12. Nc6 Qd7 13. Nxe7+ Qxe7 14. Be5 c6
15. Rfe1 Ng6 16. Bxf6 Qxf6 17. Rad1 Qd6 18. b4 a6 19. Qb3 Ne7 20. Na4 Qc7 21.
Qf3 Nc8 22. Rc1 Qd6 23. Qb3 Qd8 24. e3 Nd6 25. Red1 Re6 26. Nb2 a5 27. a3 Ra7
28. Nd3 axb4 29. Qxb4 Nc4 30. a4 Qa8 31. Ra1 Ra5 32. e4 c5 33. dxc5 bxc5 34.
Qc3 Nb6 35. exd5 Bxd5 36. Nf4 Bxg2 37. Qxa5 Re8 38. Qxb6 1-0

[Event "10. Torneo I. Cidade de Pontevedra 2022"]
[Site "Pontevedra ESP"]
[Date "2022.07.29"]
[Round "8.19"]
[White "Bartolo, Filipe Diogo Correi"]
[Black "Patino Romaris, Juan Roberto"]
[Result "1/2-1/2"]
[WhiteElo "1815"]
[BlackElo "2093"]
[PlyCount "67"]
[EventDate "2022.07.24"]
[EventType "swiss"]
[EventRounds "9"]
[EventCountry "ESP"]
[SourceTitle "Ajedrez en Madrid"]
[Source "lmi"]
[SourceDate "2022.07.24"]
[SourceVersion "1"]
[SourceVersionDate "2022.08.06"]
[SourceQuality "1"]

1. e4 e6 2. d4 d5 3. exd5 exd5 4. Bd3 Nc6 5. c3 Bd6 6. Qf3 Nf6 7. h3 O-O 8. Ne2
Re8 9. Bg5 Be7 10. O-O Ne4 11. Bxe7 Rxe7 12. Ng3 Qe8 13. Bxe4 dxe4 14. Qf4 f5
15. Nd2 g6 16. Rae1 Nd8 17. d5 Nf7 18. Ndxe4 fxe4 19. Nxe4 Qd8 20. Nf6+ Kh8 21.
Qd4 c5 22. Qxc5 Re5 23. Rxe5 Nxe5 24. Re1 Qxf6 25. Rxe5 Bf5 26. d6 Rd8 27. Qc7
Qxe5 28. Qxd8+ Kg7 29. Qc7+ Kh6 30. g4 Qe1+ 31. Kh2 Qe5+ 32. Kg1 Qe1+ 33. Kh2
Qe5+ 34. Kg1 1/2-1/2

[Event "10. Torneo I. Cidade de Pontevedra 2022"]
[Site "Pontevedra ESP"]
[Date "2022.07.29"]
[Round "8.20"]
[White "Aguilera Lopez, Alejandro"]
[Black "Sanroman Costas, Mauro"]
[Result "1-0"]
[WhiteElo "2219"]
[BlackElo "1934"]
[PlyCount "183"]
[EventDate "2022.07.24"]
[EventType "swiss"]
[EventRounds "9"]
[EventCountry "ESP"]
[SourceTitle "Ajedrez en Madrid"]
[Source "lmi"]
[SourceDate "2022.07.24"]
[SourceVersion "1"]
[SourceVersionDate "2022.08.06"]
[SourceQuality "1"]

1. c4 e5 2. Nc3 d6 3. g3 f5 4. Bg2 Nf6 5. d3 Be7 6. e3 O-O 7. Nge2 Qe8 8. b4 a5
9. b5 Nbd7 10. O-O Qh5 11. Nd5 Nxd5 12. Bxd5+ Kh8 13. Nc3 Qg6 14. Bg2 Nf6 15.
f4 e4 16. dxe4 fxe4 17. Bb2 c6 18. Ba3 Rd8 19. Rb1 Qf7 20. Nxe4 Qxc4 21. bxc6
bxc6 22. Ng5 Ng4 23. Qd2 Bxg5 24. fxg5 Qe6 25. Bxc6 Ba6 26. Bxa8 Bxf1 27. Bd5
Qxe3+ 28. Qxe3 Nxe3 29. Rxf1 Nxd5 30. Bxd6 Kg8 31. Bc5 Rc8 32. Bd4 Nb4 33. Rf2
Rc4 34. Bb6 a4 35. Kg2 Nd5 36. Ba7 Rc7 37. Bd4 Rc4 38. Rd2 Nc7 39. Be5 Ne6 40.
h4 Re4 41. Bb2 Kf7 42. Kf3 Rb4 43. Ba3 Rc4 44. Bb2 Rb4 45. Be5 Rb7 46. Rc2 Ke7
47. Rc4 Ra7 48. Ke4 Rd7 49. Bc3 Rb7 50. Bb4+ Kd7 51. Ba3 Ra7 52. Rc1 Ra5 53.
Rd1+ Ke8 54. Rd5 Ra7 55. Kf5 Kf7 56. Ke5 Nf8 57. Kd4 Ne6+ 58. Ke5 Nf8 59. Rb5
Rc7 60. Ra5 Ng6+ 61. Kd6 Rc2 62. h5 Rxa2 63. hxg6+ Kxg6 64. Rxa4 Rg2 65. Bc1
Rxg3 66. Ke5 Rg1 67. Be3 Re1 68. Kf4 Rf1+ 69. Kg4 Rb1 70. Ra6+ Kf7 71. Kf5 Rb5+
72. Ke4 Rb7 73. Bd4 Rd7 74. Be5 Rb7 75. Kf5 Re7 76. Ra8 Rb7 77. Rh8 Ra7 78.
Rxh7 Kg8 79. Rh1 Ra8 80. Rb1 Kh7 81. Rb7 Rg8 82. Rf7 Rf8 83. g6+ Kg8 84. Ke6
Re8+ 85. Kd5 Kh8 86. Rd7 Rg8 87. Kd6 Ra8 88. Bxg7+ Kg8 89. Bf6 Rb8 90. Ke6 Re8+
91. Kf5 Ra8 92. Rd8+ 1-0

[Event "10. Torneo I. Cidade de Pontevedra 2022"]
[Site "Pontevedra ESP"]
[Date "2022.07.29"]
[Round "8.21"]
[White "Pastor Alonso De Prado, Alberto"]
[Black "Tadevosyan, Aspet"]
[Result "0-1"]
[WhiteElo "2050"]
[BlackElo "2177"]
[PlyCount "80"]
[EventDate "2022.07.24"]
[EventType "swiss"]
[EventRounds "9"]
[EventCountry "ESP"]
[SourceTitle "Ajedrez en Madrid"]
[Source "lmi"]
[SourceDate "2022.07.24"]
[SourceVersion "1"]
[SourceVersionDate "2022.08.06"]
[SourceQuality "1"]

1. Nf3 c5 2. c4 Nc6 3. b3 e6 4. g3 d5 5. Bg2 d4 6. d3 Be7 7. O-O Nf6 8. Na3 O-O
9. Nc2 e5 10. a3 a5 11. e3 h6 12. Rb1 Bf5 13. exd4 exd4 14. Re1 Bd6 15. b4 axb4
16. axb4 Qb6 17. Bb2 Qd8 18. bxc5 Bxc5 19. Ne5 Qd6 20. f4 Rfe8 21. Bc1 Ra7 22.
Rxb7 Rxb7 23. Bxc6 Rbe7 24. Bxe8 Rxe8 25. Qf3 Nd7 26. g4 Be6 27. h3 Nxe5 28.
Rxe5 Rb8 29. Re1 Bxc4 30. dxc4 d3+ 31. Kf1 dxc2 32. Qd5 Qb6 33. Qd7 Qb3 34.
Re8+ Rxe8 35. Qxe8+ Bf8 36. Qe4 Qxh3+ 37. Ke2 Qxg4+ 38. Qf3 Qxf3+ 39. Kxf3 Kh7
40. f5 Be7 0-1

[Event "10. Torneo I. Cidade de Pontevedra 2022"]
[Site "Pontevedra ESP"]
[Date "2022.07.29"]
[Round "8.22"]
[White "Otero Nogueira, Brais"]
[Black "Mosca, Leonildo"]
[Result "1-0"]
[WhiteElo "2076"]
[BlackElo "2050"]
[PlyCount "100"]
[EventDate "2022.07.24"]
[EventType "swiss"]
[EventRounds "9"]
[EventCountry "ESP"]
[SourceTitle "Ajedrez en Madrid"]
[Source "lmi"]
[SourceDate "2022.07.24"]
[SourceVersion "1"]
[SourceVersionDate "2022.08.06"]
[SourceQuality "1"]

1. g3 e5 2. Bg2 d5 3. c4 c6 4. cxd5 cxd5 5. d4 e4 6. Nc3 Nf6 7. Bg5 Nc6 8. Nh3
Be6 9. Nf4 Qd7 10. Bxf6 gxf6 11. O-O h5 12. Nxe4 dxe4 13. d5 Bf5 14. dxc6 Qxd1
15. Rfxd1 bxc6 16. Rac1 Rc8 17. Rc4 Be6 18. Nxe6 fxe6 19. Bxe4 c5 20. Bg6+ Ke7
21. b4 f5 22. Rh4 cxb4 23. e4 Kf6 24. Bxh5 Bc5 25. Rd7 Rcd8 26. Rf7+ Ke5 27.
exf5 exf5 28. Bg6 Rxh4 29. gxh4 Rf8 30. Rd7 Rf6 31. h5 Rd6 32. Rf7 Rf6 33. Rg7
a5 34. Be8 Re6 35. Ba4 Rb6 36. Be8 Re6 37. Rg8 Kf6 38. Kf1 Ke5 39. Bg6 Kd4 40.
h6 Kc3 41. h7 Bd4 42. Bxf5 Rh6 43. Kg2 a4 44. Kf3 b3 45. axb3 Kxb3 46. Rb8+ Kc4
47. h4 a3 48. Bb1 Bb2 49. Kg4 Rxh7 50. Bxh7 a2 1-0

[Event "10. Torneo I. Cidade de Pontevedra 2022"]
[Site "Pontevedra ESP"]
[Date "2022.07.29"]
[Round "8.23"]
[White "Grana Castanal, Andres"]
[Black "Pintor, Simao Maciel Abranc"]
[Result "1/2-1/2"]
[WhiteElo "1917"]
[BlackElo "2062"]
[PlyCount "54"]
[EventDate "2022.07.24"]
[EventType "swiss"]
[EventRounds "9"]
[EventCountry "ESP"]
[SourceTitle "Ajedrez en Madrid"]
[Source "lmi"]
[SourceDate "2022.07.24"]
[SourceVersion "1"]
[SourceVersionDate "2022.08.06"]
[SourceQuality "1"]

1. e4 c5 2. Nf3 g6 3. c3 d5 4. exd5 Qxd5 5. d4 Nc6 6. Na3 cxd4 7. Nb5 Kd8 8.
Nbxd4 Bg7 9. Nxc6+ bxc6 10. Bf4 Nf6 11. Ne5 Ke8 12. Be2 Qe4 13. Qd4 Qxd4 14.
cxd4 Nd5 15. Bg3 f5 16. Bf3 Be6 17. Rc1 Rc8 18. O-O Rf8 19. Rfe1 Bxe5 20. Rxe5
Kd7 21. Rce1 Nc7 22. Bf4 Rfe8 23. Ra5 a6 24. h4 Bd5 25. Bxc7 Bxf3 26. Bf4 Bd5
27. Rxa6 Ra8 1/2-1/2

[Event "10. Torneo I. Cidade de Pontevedra 2022"]
[Site "Pontevedra ESP"]
[Date "2022.07.29"]
[Round "8.24"]
[White "Fernandez Rivero, Karla July"]
[Black "Victor, Julian"]
[Result "0-1"]
[WhiteElo "2058"]
[BlackElo "1944"]
[PlyCount "112"]
[EventDate "2022.07.24"]
[EventType "swiss"]
[EventRounds "9"]
[EventCountry "ESP"]
[SourceTitle "Ajedrez en Madrid"]
[Source "lmi"]
[SourceDate "2022.07.24"]
[SourceVersion "1"]
[SourceVersionDate "2022.08.06"]
[SourceQuality "1"]

1. d4 e6 2. c4 Nf6 3. Nf3 d5 4. g3 Be7 5. Bg2 O-O 6. O-O dxc4 7. Qc2 a6 8. Qxc4
b5 9. Qc2 Bb7 10. Bd2 Be4 11. Qc1 c6 12. Rd1 Nbd7 13. Bg5 h6 14. Bxf6 Nxf6 15.
Nc3 Bd5 16. Qc2 b4 17. Na4 Be4 18. Qd2 Qa5 19. b3 c5 20. Rac1 Rac8 21. Ne1 Bxg2
22. Kxg2 c4 23. Qc2 c3 24. e4 Rfd8 25. Nf3 Qb5 26. Ne5 Nd7 27. Nc4 Qb7 28. Re1
Nb8 29. Red1 Rc7 30. Nab6 Rc6 31. Na4 Rc7 32. Nab6 Nd7 33. Na4 Qa8 34. f3 Nf6
35. Rd3 Qa7 36. Rcd1 Rcd7 37. Nab6 Rb7 38. Na4 Rb5 39. Qf2 Bf8 40. Ne5 Qc7 41.
Nc4 g6 42. Qe2 h5 43. Qe3 Kh7 44. Kg1 h4 45. e5 Nd5 46. Qe4 Qe7 47. g4 Qg5 48.
Qe1 Qe7 49. Nc5 Nf4 50. Ne4 c2 51. Ng5+ Qxg5 52. R3d2 cxd1=Q 53. Qxd1 Rbd5 54.
Kf2 Qe7 55. Nd6 R5xd6 56. exd6 Qxd6 0-1

[Event "10. Torneo I. Cidade de Pontevedra 2022"]
[Site "Pontevedra ESP"]
[Date "2022.07.29"]
[Round "8.25"]
[White "Antonano Fernandez-Quincoces, Av"]
[Black "Blanco Garcia, Liliam Barbara"]
[Result "0-1"]
[WhiteElo "1981"]
[BlackElo "2031"]
[PlyCount "57"]
[EventDate "2022.07.24"]
[EventType "swiss"]
[EventRounds "9"]
[EventCountry "ESP"]
[SourceTitle "Ajedrez en Madrid"]
[Source "lmi"]
[SourceDate "2022.07.24"]
[SourceVersion "1"]
[SourceVersionDate "2022.08.06"]
[SourceQuality "1"]

1. e4 e5 2. Nf3 Nc6 3. d4 exd4 4. Bc4 Bc5 5. O-O d6 6. c3 Bg4 7. Qb3 Bxf3 8.
Bxf7+ Kf8 9. Bxg8 Rxg8 10. gxf3 Qe8 11. Qd1 Qh5 12. Bf4 g5 13. Bg3 Qh3 14. b4
Bb6 15. b5 Ne5 16. a4 Ng6 17. Kh1 Nf4 18. Rg1 Ne6 19. cxd4 Bxd4 20. Ra3 Ke7 21.
Rd3 h5 22. Rxd4 Nxd4 23. Qxd4 h4 24. e5 hxg3 25. exd6+ cxd6 26. fxg3 Rae8 27.
Rg2 Qe6 28. Na3 Qc8 29. Re2+ 0-1

[Event "10. Torneo I. Cidade de Pontevedra 2022"]
[Site "Pontevedra ESP"]
[Date "2022.07.29"]
[Round "8.26"]
[White "Ereza Vizcarra, Fernando"]
[Black "Roque Sola, Andrea"]
[Result "1/2-1/2"]
[WhiteElo "2131"]
[BlackElo "1913"]
[PlyCount "157"]
[EventDate "2022.07.24"]
[EventType "swiss"]
[EventRounds "9"]
[EventCountry "ESP"]
[SourceTitle "Ajedrez en Madrid"]
[Source "lmi"]
[SourceDate "2022.07.24"]
[SourceVersion "1"]
[SourceVersionDate "2022.08.06"]
[SourceQuality "1"]

1. Nf3 c5 2. d4 cxd4 3. Nxd4 Nc6 4. g3 Nf6 5. Bg2 Qb6 6. Nb3 g6 7. Nc3 Bg7 8.
h3 d6 9. Be3 Qd8 10. Qd2 Ne5 11. Bh6 Nc4 12. Qf4 Bxh6 13. Qxc4 O-O 14. O-O Rb8
15. Rad1 Bd7 16. Kh2 Bg7 17. e4 b5 18. Qb4 Qc7 19. e5 dxe5 20. Qxe7 Rfe8 21.
Qc5 Qxc5 22. Nxc5 Bf5 23. N3e4 Nxe4 24. Nxe4 Red8 25. c3 Bf8 26. Nf6+ Kg7 27.
Nd5 Rbc8 28. Rfe1 f6 29. g4 Be6 30. Nc7 Rxd1 31. Nxe6+ Kf7 32. Ng5+ fxg5 33.
Rxd1 Ke6 34. Bd5+ Kf6 35. Bb3 Rc7 36. Kg2 Bc5 37. Kf3 b4 38. cxb4 Bxb4 39. Ke4
Bc5 40. Rc1 Bb6 41. Rxc7 Bxc7 42. Bc4 Bb6 43. f3 Bd4 44. b4 Bc3 45. b5 Ke7 46.
Bg8 Kf8 47. Be6 Ke7 48. Kd5 h5 49. a3 Bb2 50. a4 Bc3 51. gxh5 gxh5 52. Bf5 Kf6
53. Bc8 Bd2 54. Bd7 Be1 55. Kc6 e4 56. fxe4 Ke5 57. Be8 Kxe4 58. Bxh5 Ke5 59.
Kb7 Bf2 60. a5 Kf6 61. b6 axb6 62. axb6 Bxb6 63. Kxb6 Kg7 64. Kc7 Kh8 65. Kd6
Kg7 66. Ke7 Kh6 67. Be8 Kg7 68. Bd7 Kh7 69. Kf6 Kg8 70. Be6+ Kh7 71. Bf5+ Kh6
72. Bc2 Kh5 73. Kf7 Kh6 74. Bd1 Kh7 75. Bh5 Kh8 76. Kg6 Kg8 77. Kh6 Kh8 78. Bf7
g4 79. h4 1/2-1/2